| 000 | 01587cam a22004574i 4500 | ||
|---|---|---|---|
| 003 | PE-LiUPU | ||
| 005 | 20250731180125.0 | ||
| 008 | 150623s r 000 0 d | ||
| 035 | _a(Sirsi) a28594 | ||
| 040 |
_aPE-LiUPU _bspa _cPE-LiUPU _erda |
||
| 082 | 0 | 4 |
_a575.0162 _bR96 _221 |
| 100 | 1 |
_aRuse, Michael, _eautor. |
|
| 245 | 1 | 0 | _aDARWINISM DEFENDED A Guide to the evolution Controversies. |
| 264 | 1 |
_aCanada : _bThe Benjamin Cummings Publishg Company, Inc, _c1982. |
|
| 300 |
_a356 pag. : _bilustraciones ; _c22 cm. |
||
| 336 |
_atext _2rdacontent |
||
| 337 |
_aunmediated _2rdamedia |
||
| 338 |
_avolume _2rdacarrier |
||
| 505 | 0 | _aDarwinism Yesterday.-"On the origin of species.-Darwinism today.-The coming of mendelian genetics.-The evidence for populations genetics.-Darwinism tomorrow.-Population Ecology.-Animal Sociobiology.. | |
| 526 | _aSEG44 | ||
| 526 | _aSEG26 | ||
| 526 | _aP159 | ||
| 526 | _aP155 | ||
| 526 | _aP154 | ||
| 526 | _aP153 | ||
| 526 | _aP150 | ||
| 526 | _aP100 | ||
| 526 | _aP31 | ||
| 526 | _aP30 | ||
| 526 | _aP26 | ||
| 526 | _aP25 | ||
| 526 | _aP24 | ||
| 526 | _aP22 | ||
| 526 | _aP15 | ||
| 526 | _aP10 | ||
| 942 |
_2ddc _cBOOK |
||
| 949 |
_a575.0162 R96 _wDEWEY _c1 _i35151 _lCCODEBUL1 _mBUL _p00.00 _r0 _sY _tBOOK _u2015-06-24 _xBIBLIOTECA _zUNKNOWN _0COMPRA _o.STAFF. Colección General |
||
| 596 | _a1 | ||
| 999 |
_a575.0162 R96 _wDEWEY _c35859 _i35151 _d35859 _f2021-11-5 _g5 _lCCODEBUL1 _mBUL _q2 _r0 _sN _tBOOK _u2015-6-24 _xBIBLIOTECA _zUNKNOWN _0COMPRA _o.STAFF. Colección General |
||
| 980 |
_81 _gALBERTO SANCHEZ Responsable de Automatización |
||